Catecholamines and Stress: Recent Advances.

Saved in:
Bibliographic Details
Main Authors: USDIN, E. (Author), KVETŇANSKÝ, R. (Author), KOPIN, I.J (Author)
Format: Book
Language:English
Published: 1980
Tags: Add Tag
No Tags, Be the first to tag this record!

MARC

LEADER 00000nam a2200000 a 4500
001 000101421
005 00000000000000.0
008 040101s1980 e engo
041 0 |a eng 
100 1 |a USDIN, E.  |4 aut 
245 1 0 |a Catecholamines and Stress: Recent Advances. 
260 |c 1980 
500 |a Záznam neprešiel kontrolou 
700 1 |a KVETŇANSKÝ, R.  |4 aut 
700 1 |a KOPIN, I.J.  |4 aut 
910 |a svkkk 
998 |a BK 
090 |g SCKHL  |k Sklad Pribinova 1. posch.  |a IV.115587  |i 101421-10  |s Absenčne